El albaricoquero: origen, caracteres, cultivo, comercialización
Zapisane w:
| 1. autor: | |
|---|---|
| Format: | Książka |
| Język: | hiszpański |
| Wydane: |
Madrid
Mundi Prensa
1992
|
| Hasła przedmiotowe: | |
| Etykiety: |
Dodaj etykietę
Nie ma etykietki, Dołącz pierwszą etykiete!
|
MARC
| LEADER | 00000nam a2200000 a 4500 | ||
|---|---|---|---|
| 001 | UCN4913 | ||
| 003 | CL-VaPUC | ||
| 008 | 010817e19920000SP |||||||||||||||||spa|d | ||
| 082 | 0 | 4 | |a 634.21 |b FOR |2 21 |
| 100 | 0 | |a Forte, Vincenzo |e author |9 461040 | |
| 245 | 1 | 3 | |a El albaricoquero: origen, caracteres, cultivo, comercialización |
| 300 | |a 176 p | ||
| 942 | |c BK | ||
| 945 | |d 20010817 00:00:00 |a vberengu | ||
| 260 | |a Madrid |b Mundi Prensa |c 1992 | ||
| 650 | 0 | |a Fruticultura |9 259678 | |
| 650 | 7 | |a DAMASCO |2 CL-VaPUC |9 326359 | |
| 650 | 7 | |a DAMASCO PODA |2 CL-VaPUC |9 326361 | |
| 650 | 0 | |a Aclareo de frutos (raleo) |9 460678 | |
| 650 | 7 | |a DAMASCO PRODUCCION |2 CL-VaPUC |9 453558 | |
| 650 | 0 | |a Duraznos (albaricoques, damascos, chabacanos) |9 402805 | |
| 650 | 7 | |a PORTAINJERTOS |2 CL-VaPUC |9 461043 | |
| 650 | 7 | |a MERCADEO |2 CL-VaPUC |9 261154 | |
| 650 | 7 | |a DAMASCO COMERCIALIZACION |2 CL-VaPUC |9 461044 | |
| 650 | 7 | |a DAMASCO - PLAGAS Y ENFERMEDADES |2 CL-VaPUC |9 461045 | |
| 583 | |a last modification |c 20010817 00:00:00 |k Rodrigo Vera | ||
| 999 | |c 296757 |d 296755 | ||
| 952 | |0 0 |1 0 |4 0 |6 634_210000000000000_FOR_1992 |7 0 |8 A |9 350903 |a BIBAGR |b BIBAGR |d 2019-11-20 |i 373997K |o 634.21 FOR 1992 |p 373997K |r 2025-01-20 |w 2019-11-20 |y BK |k AGR | ||